00950nam a2200253 i 4500003000900000005001700009007000300026008004100029020001800070040003000088041000800118082001700126100005000143245010500193264004500298300005600343336002700399337003300426338002800459500005700487500007300544504003900617700004000656DO-SdBNP20260305123650.0ta240612b2024 dr ac||| |||| 00| 0 spa d a9789945645200 aDO-SdBNPbspacBNPHUerda aspa 4axxxbxxx222 aReyes Sánchez, Miguel,d1966 -eautor4aut.10aQuo vadis? :btras las huellas de la historia /cMiguel Reyes Sánchez ; prólogo, Frank Moya Pons 1aSanto Domingo :bAmigo del Hogar,c2024. a330 páginas :bilustraciones y retratos ;c23 cm. atextobtxt2rdacontent asin mediaciónbn2rdamedia avolumenbnc2rdacarrier aIncluye datos biográficos del autor en las solapas aIncluye referencias bibliográficas y notas al pie de las páginas aBibliografía : páginas 146-1481 aMoya Pons, Frank,eprologuista4pr.